[Event "Mondiale Lampo FIDE 2017"]
[Site "Riyadh"]
[Date "30.12.2017"]
[Round "12.57"]
[White "Saeed, Ishaq"]
[Black "Ibrahimov, Rasul"]
[Result "0-1"]
[WhiteTitle "FM"]
[BlackTitle "GM"]
[WhiteElo "2434"]
[BlackElo "2518"]
[WhiteFideId "9301453"]
[BlackFideId "13400495"]
[EventDate "2017.12.29"]

1. d4 Nf6 2. c4 e6 3. Nf3 Bb4+ 4. Bd2 a5 5. g3 d5 6. Bg2 O-O 7. O-O dxc4 8. Nc3
Nc6 9. Bg5 h6 10. Bc1 Rb8 11. Re1 b5 12. e4 Be7 13. Bf4 Ba6 14. a3 Nh5 15. Be3
Nf6 16. d5 b4 17. axb4 Nxb4 18. Rxa5 exd5 19. e5 Ng4 20. Nxd5 Nxe3 21. Rxe3 Nxd5
22. Rxd5 Qc8 23. e6 fxe6 24. Rde5 Bf6 25. Rxe6 Rxb2 26. Qc1 Qb8 27. Re1 c3 28.
Nh4 Bd3 29. Bd5 Kh8 30. Qe3 Bh7 31. Rc1 Rb1 32. Rc6 Rxc1+ 33. Qxc1 c2 34. Kg2
Qb1 35. Qe3 Qb8 36. Nf3 Qd8 37. Be4 Bxe4 38. Qxe4 Qe8 39. Qxc2 Bd8 40. Nh4 Bxh4
41. gxh4 Qf7 42. Rc3 Qf6 43. Rg3 c6 44. h5 Qd6 45. Qc3 Qd5+ 46. Kg1 Qd1+ 47. Kg2
Qd5+ 48. Kg1 Rf7 49. Qb2 Qf5 50. Qb8+ Kh7 51. Qb6 Qe4 52. Qc5 Qd5 53. Qc2+ Qf5
54. Qb2 Qxh5 55. Qc2+ Qf5 56. Qb2 c5 57. Qd2 c4 58. Kg2 c3 59. Rxc3 Qe4+ 60. Kg1
Rf6 61. Rg3 Rb6 62. Qe3 Rb1+ 0-1

[Event "Mondiale Lampo FIDE 2017"]
[Site "Riyadh"]
[Date "30.12.2017"]
[Round "12.58"]
[White "Lam, Daniel King-wai"]
[Black "Fedorchuk, Sergey A."]
[Result "0-1"]
[WhiteTitle "FM"]
[BlackTitle "GM"]
[WhiteElo "2222"]
[BlackElo "2648"]
[WhiteFideId "6001238"]
[BlackFideId "14102536"]
[EventDate "2017.12.29"]

1. e4 c5 2. Nf3 e6 3. d4 cxd4 4. Nxd4 a6 5. Bd3 Bc5 6. Nb3 Be7 7. Qg4 g6 8. O-O
d6 9. Qe2 Nd7 10. f4 Qc7 11. Kh1 Ngf6 12. N1d2 b6 13. Nf3 Bb7 14. Bd2 O-O 15.
Rae1 Rfe8 16. e5 Nh5 17. f5 exf5 18. e6 Ne5 19. Nxe5 dxe5 20. exf7+ Kxf7 21.
Bxf5 Kg7 22. Be4 Bf6 23. Bxb7 Qxb7 24. Qe4 Qxe4 25. Rxe4 Nf4 26. g3 Nd5 27. Rfe1
b5 28. a4 Rac8 29. axb5 axb5 30. c3 Red8 31. Kg2 Nb6 32. Bc1 Nc4 33. R4e2 Rd5
34. Nd2 Nxd2 35. Bxd2 h5 36. h3 Ra8 37. Bc1 Rad8 38. Be3 Rd1 39. Rxd1 Rxd1 40.
Kf2 Rh1 41. Kg2 Rb1 42. Kf2 Kf7 0-1

[Event "Mondiale Lampo FIDE 2017"]
[Site "Riyadh"]
[Date "30.12.2017"]
[Round "12.59"]
[White "Al Jabri, Mohammed Ali"]
[Black "Tissir, Mohamed"]
[Result "0-1"]
[BlackTitle "IM"]
[WhiteElo "2154"]
[BlackElo "2381"]
[WhiteFideId "7604734"]
[BlackFideId "9000240"]
[EventDate "2017.12.29"]

1. e4 c5 2. d4 e6 3. Nf3 a6 4. a4 cxd4 5. c3 dxc3 6. Nxc3 Nc6 7. Bc4 d6 8. O-O
Nf6 9. Qe2 Be7 10. Rd1 Qc7 11. Bf4 Ne5 12. Ba2 O-O 13. Rac1 Qb8 14. h3 Bd7 15.
Nd4 Rc8 16. f3 b5 17. axb5 axb5 18. Bb3 b4 19. Nb1 h6 20. Nd2 Nh5 21. Be3 Nc6
22. Nxc6 Bxc6 23. Nc4 Bb5 24. Qd2 Ra6 25. Qxb4 Nf6 26. Na3 Rxc1 27. Rxc1 Rb6 28.
Bxb6 Qxb6+ 29. Kh1 Qe3 30. Re1 Qf2 31. Nxb5 d5 32. Qc3 Nh5 33. Qe3 Ng3+ 34. Kh2
Nf1+ 35. Rxf1 Qxe3 36. Ba4 dxe4 37. fxe4 Qe2 38. Rf3 Qxe4 39. b3 Bf6 40. Kh1 Be5
41. Rf1 Qe2 42. Rb1 Qd3 43. Rf1 Qg3 44. Kg1 Qh2+ 45. Kf2 Qf4+ 46. Kg1 Qe3+ 47.
Kh1 Bg3 48. Na3 Qe2 49. Rg1 Bf2 50. Rb1 Bc5 51. Nc4 Qf2 52. b4 Bxb4 53. Rd1 g6
54. Ne5 Bc3 55. Nf3 Qe2 56. Rd8+ Kg7 57. Rd7 Bf6 58. Rb7 g5 59. Be8 Bc3 60.
Rxf7+ Kg8 61. Rd7 Qf1+ 62. Kh2 Bf6 63. Rf7 Bc3 64. Rd7 Qa1 65. Rb7 Be5+ 0-1

[Event "Mondiale Lampo FIDE 2017"]
[Site "Riyadh"]
[Date "30.12.2017"]
[Round "12.60"]
[White "Khairat, Ahmed"]
[Black "Khader, Sami"]
[Result "1-0"]
[WhiteTitle "CM"]
[BlackTitle "IM"]
[WhiteElo "2211"]
[BlackElo "2392"]
[WhiteFideId "10624171"]
[BlackFideId "8100500"]
[EventDate "2017.12.29"]

1. e4 e6 2. d4 d5 3. Nc3 Bb4 4. e5 c5 5. Bd2 Ne7 6. Nb5 Bxd2+ 7. Qxd2 O-O 8.
dxc5 Nd7 9. f4 Nxc5 10. Bd3 Qb6 11. O-O-O Nxd3+ 12. Qxd3 Bd7 13. Nd4 Nc6 14.
Ngf3 Nb4 15. Qb3 Qa5 16. Kb1 Ba4 17. Qa3 b6 18. b3 Bd7 19. Qxa5 bxa5 20. a3 Na6
21. a4 Nc5 22. Ka2 Rab8 23. Rc1 Rfc8 24. Rhd1 Rb4 25. c3 Rb6 26. c4 Ne4 27. Ne2
Nf2 28. Rd2 Ne4 29. Rd4 Rcb8 30. cxd5 exd5 31. Nc3 Nxc3+ 32. Rxc3 Be6 33. h3 h5
34. Nd2 g6 35. Rc5 Rb4 36. Rxb4 Rxb4 37. g3 Rd4 38. Nf3 Rd3 39. Ng5 Rxg3 40.
Rxa5 d4 41. Rxa7 Bxb3+ 42. Kb2 Bc4 43. Rc7 Rg2+ 44. Ka3 Be6 45. Nxe6 fxe6 46.
Rd7 Rg3+ 47. Kb4 Rxh3 48. a5 Rh1 49. a6 Ra1 50. a7 h4 51. Rd8+ Kg7 52. a8=Q Rxa8
53. Rxa8 g5 54. fxg5 Kg6 55. Rg8+ Kf5 56. g6 h3 57. g7 Kg6 58. Kc4 h2 59. Rh8
Kxg7 60. Rxh2 Kg6 61. Kxd4 Kf5 62. Rh6 Kg5 63. Rxe6 1-0

[Event "Mondiale Lampo FIDE 2017"]
[Site "Riyadh"]
[Date "30.12.2017"]
[Round "12.61"]
[White "Amer, Said Salim Al Maashani"]
[Black "Lodhi, Mahmood"]
[Result "1-0"]
[WhiteTitle "FM"]
[BlackTitle "IM"]
[WhiteElo "2103"]
[BlackElo "2347"]
[WhiteFideId "22000100"]
[BlackFideId "7800010"]
[EventDate "2017.12.29"]

1. e4 e5 2. Nf3 Nc6 3. d4 exd4 4. Nxd4 Bc5 5. Be3 Qf6 6. Nb5 Bxe3 7. fxe3 Qe5 8.
Nd2 a6 9. Nf3 axb5 10. Nxe5 Nxe5 11. Bxb5 Ne7 12. Qd4 N7g6 13. O-O O-O 14. a3 d6
15. h3 Be6 16. Rf2 h6 17. Raf1 Rfd8 18. a4 c6 19. Be2 c5 20. Qc3 Rxa4 21. b3
Rxe4 22. Bf3 Rb4 23. Rd1 b6 24. Bd5 Bxd5 25. Rxd5 Kf8 26. g3 Ke7 27. Kg2 f6 28.
Rf1 Nf8 29. Ra1 Ne6 30. Ra7+ Rd7 31. Rxd7+ Kxd7 32. Rd1 Nc7 33. Qd2 d5 34. Qf2
Ke6 35. g4 Kd6 36. Qf5 Ne6 37. c4 d4 38. exd4 cxd4 39. Qc2 d3 40. Rxd3+ Nxd3 41.
Qxd3+ Ke7 42. Qf3 Nc5 43. Qe3+ Kf7 44. Qd2 Rxb3 45. Qd5+ Ke7 46. Qc6 Rb2+ 47.
Kf1 Rb1+ 48. Ke2 Rb2+ 49. Kf3 Rb3+ 50. Kg2 Rb2+ 51. Kf1 Rb1+ 52. Ke2 Rb2+ 53.
Kf1 Rb1+ 54. Ke2 Rb2+ 55. Kf3 Rb3+ 56. Ke2 Nd7 57. Qe4+ Kd8 58. Qg6 Rxh3 59.
Qxg7 Kc7 60. Qg8 h5 61. gxh5 Rxh5 62. Qg3+ Re5+ 63. Kd2 Kd6 64. Kc3 Nc5 65. Qg8
Nd7 66. Qg3 Kc7 67. Kb4 Kb7 68. Qg7 Kc7 69. Qg3 Kc6 70. Qf3+ Kd6 71. Qd3+ Ke7
72. Qg3 Ke6 73. Qg4+ Kd6 74. Qd4+ Kc7 75. Qf4 f5 76. Qh2 Kd6 77. Qf4 Ke6 78.
Qh6+ Nf6 79. Qf8 Rc5 80. Qb8 Nd7 81. Qg8+ Kf6 82. Qh8+ Kg5 83. Qg7+ Kf4 84. Qxd7
Ke4 1-0

[Event "Mondiale Lampo FIDE 2017"]
[Site "Riyadh"]
[Date "30.12.2017"]
[Round "12.62"]
[White "Bukannan, Ahmed A"]
[Black "Miton, Kamil"]
[Result "0-1"]
[BlackTitle "GM"]
[WhiteElo "1929"]
[BlackElo "2584"]
[WhiteFideId "21504164"]
[BlackFideId "1111914"]
[EventDate "2017.12.29"]

1. Nf3 f5 2. b3 Nf6 3. Bb2 e6 4. e3 b6 5. Be2 Bb7 6. O-O Be7 7. d4 O-O 8. Nbd2
Qe8 9. c4 d6 10. Re1 Nbd7 11. Ng5 Qg6 12. Bf3 Ne4 13. Nh3 Qf7 14. Nxe4 fxe4 15.
Bg4 Rae8 16. d5 Bh4 17. dxe6 Rxe6 18. Bxe6 Qxe6 19. Qh5 Bf6 20. Bxf6 Qxf6 21.
Rad1 Ne5 22. Nf4 g5 23. Nh3 h6 24. Rf1 Bc8 25. Rd4 Bg4 26. Qxg4 Nxg4 27. Rxe4
Qf5 28. f3 Nf6 29. Rd4 Re8 30. Re1 Qc5 31. Rd3 d5 32. cxd5 Nxd5 33. Nf2 Rxe3 34.
Red1 Rxd3 35. Rxd3 Nf4 36. Rd8+ Kf7 37. Rd7+ Ke8 38. Rd1 Qc2 39. Re1+ Kd8 40.
Rd1+ Kc8 41. h3 Qxa2 42. b4 a5 43. b5 a4 44. Re1 a3 45. Re8+ Kb7 46. Re7 Qb2 47.
Ne4 0-1

[Event "Mondiale Lampo FIDE 2017"]
[Site "Riyadh"]
[Date "30.12.2017"]
[Round "12.63"]
[White "Samhouri, A."]
[Black "Al Zamel, Khaled"]
[Result "1-0"]
[WhiteTitle "FM"]
[WhiteElo "2355"]
[BlackElo "1942"]
[WhiteFideId "8100640"]
[BlackFideId "21500967"]
[EventDate "2017.12.29"]

1. Nf3 c6 2. c4 d6 3. d4 Bg4 4. e3 Qc7 5. Nc3 Nf6 6. h3 Bh5 7. Be2 Nbd7 8. O-O
e5 9. b3 Be7 10. Bb2 O-O 11. Rc1 Rad8 12. Qc2 Bg6 13. Bd3 Rfe8 14. Rfd1 Bf8 15.
Bxg6 hxg6 16. d5 e4 17. Ng5 Nc5 18. Ba1 Nd3 19. Rb1 cxd5 20. Nb5 Qe7 21. Nxa7
Ra8 22. Nb5 Nb4 23. Qc3 Rxa2 24. Qxb4 Nd7 25. h4 Qf6 26. Bxf6 gxf6 27. Nc7 Rb8
28. Nxd5 fxg5 29. hxg5 Ne5 30. Qc3 Nd3 31. Nf6+ Kh8 32. Ne8+ Bg7 33. Qxg7# 1-0

[Event "Mondiale Lampo FIDE 2017"]
[Site "Riyadh"]
[Date "30.12.2017"]
[Round "12.64"]
[White "Al Mahmood, Salman"]
[Black "Al Ghamdi, Ahmed M"]
[Result "1/2-1/2"]
[BlackTitle "CM"]
[WhiteElo "1593"]
[BlackElo "2159"]
[WhiteFideId "11201517"]
[BlackFideId "21500150"]
[EventDate "2017.12.29"]

1. e4 e5 2. d4 exd4 3. Qxd4 Nc6 4. Qe3 b6 5. Nc3 Nf6 6. Bd2 Bc5 7. Qg3 d6 8. Be2
O-O 9. Bh6 Ne8 10. O-O-O Qf6 11. Be3 Bxe3+ 12. fxe3 Be6 13. Nf3 Ne5 14. Nxe5
Qxe5 15. Qxe5 dxe5 16. Kb1 c6 17. Rd2 Nf6 18. h3 Rfd8 19. Rhd1 Rxd2 20. Rxd2 Kf8
21. Bf3 Ke7 22. Ne2 Rd8 23. Rxd8 Kxd8 24. Ng3 g6 25. Nf1 Kc7 26. Nd2 Bd7 27. Nc4
Be8 28. Nxe5 b5 29. Ng4 Ng8 30. Kc1 f6 31. Kd2 Kd6 32. Kc3 a5 33. a3 h5 34. Nf2
Ne7 35. Nd3 c5 36. b4 c4 37. Nc5 axb4+ 38. axb4 Bc6 39. Kd2 Ke5 40. Kc3 Nc8 41.
Kd2 Nd6 42. Kc3 Bxe4 43. Nxe4 Nxe4+ 44. Kb2 Nd6 45. Bc6 g5 46. Kc3 f5 47. Kd2
Ne4+ 48. Ke2 Nd6 49. Kd2 f4 50. Ke2 g4 51. hxg4 hxg4 52. Bd7 g3 53. Kf3 fxe3 54.
Kxe3 Kd5 55. Kf3 Kd4 56. Kxg3 Kc3 57. Kf4 Kxb4 58. g4 Kc3 59. g5 Kd4 60. g6 Ne4
61. g7 Nf6 62. Be6 b4 63. g8=Q Nxg8 64. Bxg8 Kc3 65. Bh7 b3 66. cxb3 cxb3 67.
Bg6 Kd2 68. Bf5 Kc3 69. Bg6 Kd4 70. Bh7 Kc3 71. Bg6 Kd2 72. Bf5 b2 73. Be4 Kc3
74. Bf5 Kd4 75. Bg6 1/2-1/2

[Event "Mondiale Lampo FIDE 2017"]
[Site "Riyadh"]
[Date "30.12.2017"]
[Round "12.65"]
[White "Al-Hajiri, Bader"]
[Black "Miswadah, Baha"]
[Result "1-0"]
[WhiteTitle "FM"]
[WhiteElo "2165"]
[BlackElo "1877"]
[WhiteFideId "10300163"]
[BlackFideId "11502118"]
[EventDate "2017.12.29"]

1. e4 c5 2. Nf3 g6 3. d4 cxd4 4. Qxd4 Nf6 5. Qa4 Bg7 6. Nc3 O-O 7. e5 Ne8 8. h4
Nc6 9. h5 Nxe5 10. Nxe5 Bxe5 11. Bd2 d5 12. O-O-O Be6 13. Qh4 Bf6 14. Bg5 Qc7
15. hxg6 Bxg5+ 16. Qxg5 fxg6 17. Nxd5 Bxd5 18. Qxd5+ Kg7 19. Bd3 Qf4+ 20. Kb1
Nf6 21. Qxb7 Rf7 22. Qxa8 Qxf2 23. Rhf1 Qb6 24. Qf3 e5 1-0

[Event "Mondiale Lampo FIDE 2017"]
[Site "Riyadh"]
[Date "30.12.2017"]
[Round "12.66"]
[White "Salama, Taher"]
[Black "Al Habeeb, Emad"]
[Result "1-0"]
[WhiteElo "1769"]
[BlackElo "1933"]
[WhiteFideId "11502231"]
[BlackFideId "21500029"]
[EventDate "2017.12.29"]

1. d4 Nf6 2. c4 g6 3. Nc3 Bg7 4. e4 d6 5. Be2 O-O 6. Nf3 c5 7. d5 Bg4 8. h3 Bxf3
9. Bxf3 Nbd7 10. Bf4 a6 11. O-O Rb8 12. Be2 Qc7 13. Qc2 e5 14. dxe6 fxe6 15.
Rad1 e5 16. Bg5 Rbd8 17. Rd2 h6 18. Be3 Nh7 19. Rfd1 Nb6 20. f3 g5 21. b3 Nf6
22. Nd5 Nbxd5 23. exd5 Nh5 24. Qg6 Qf7 25. Qxf7+ Rxf7 26. Bd3 Nf4 27. Be4 h5 28.
Kh2 h4 29. a3 Bf6 30. Bf5 Rg7 31. Bxf4 gxf4 32. Be6+ Kh8 33. b4 Rf8 34. bxc5
dxc5 35. d6 Rd8 36. d7 Re7 37. Bg4 Kg7 38. Rd6 Kf7 39. Bh5+ Kg7 40. Bg4 Kf8 41.
Rxf6+ Kg7 42. Rb6 Rb8 43. Rdd6 Rd8 44. Rg6+ Kh7 45. Rh6+ Kg7 46. Rbg6+ Kf7 47.
Rg5 Rexd7 48. Rh7+ Kf6 49. Rxd7 Rxd7 50. Bxd7 Kxg5 51. Bc8 b6 52. Bxa6 Kf6 53.
Kg1 Ke6 54. Bb7 Kd6 55. Kf2 Kc7 56. Bd5 Kd6 57. a4 Kc7 58. Ke2 Kb8 59. Kd3 Ka7
60. Ke4 Ka6 61. Kxe5 Ka5 62. Bc6 Kb4 63. Bb5 Kc3 64. Kxf4 1-0

[Event "Mondiale Lampo FIDE 2017"]
[Site "Riyadh"]
[Date "30.12.2017"]
[Round "12.67"]
[White "Farhan, Marwan Ali"]
[Black "Alem, Ali Hussien"]
[Result "1-0"]
[WhiteElo "1975"]
[BlackElo "1745"]
[WhiteFideId "9401652"]
[BlackFideId "21500088"]
[EventDate "2017.12.29"]

1. e4 d6 2. Nf3 Nf6 3. Nc3 g6 4. d4 Bg7 5. h3 c5 6. dxc5 Qa5 7. Bd2 Qxc5 8. Bd3
O-O 9. O-O a6 10. Be3 Qc7 11. Qd2 b5 12. a3 Bb7 13. Rfe1 Nbd7 14. Bh6 Nc5 15.
Bxg7 Kxg7 16. e5 dxe5 17. Nxe5 Nxd3 18. Nxd3 Qc6 19. f3 Rad8 20. Rxe7 Nh5 21.
Qe3 Ng3 22. Qe5+ Kg8 23. Qxg3 Rxd3 24. Rxb7 Rxc3 25. Re1 Rxc2 26. Ree7 Rxb2 27.
Qf4 Rb1+ 28. Kh2 Qc1 29. Qf6 Qg1+ 30. Kg3 Qc1 31. Rxf7 Qe1+ 1-0

[Event "Mondiale Lampo FIDE 2017"]
[Site "Riyadh"]
[Date "30.12.2017"]
[Round "12.68"]
[White "Alanazy, Mohammed"]
[Black "Al Saidi, Mohammed Khalfan"]
[Result "1-0"]
[WhiteElo "1850"]
[BlackElo "1468"]
[WhiteFideId "21508488"]
[BlackFideId "22001271"]
[EventDate "2017.12.29"]

1. e4 c5 2. Nf3 Nc6 3. d4 cxd4 4. Nxd4 Nf6 5. Nc3 e5 6. Nf3 Bb4 7. Bd3 d5 8.
exd5 Nxd5 9. Bd2 Nxc3 10. bxc3 Be7 11. Be4 Qc7 12. O-O O-O 13. Qe2 Bd6 14. Rab1
Be6 15. h3 f5 16. Bxc6 bxc6 17. Rfe1 e4 18. Nd4 Bxa2 19. Ra1 Bf7 20. Ra6 Be8 21.
Ne6 Qf7 22. Nxf8 Qxf8 23. Qc4+ Kh8 24. Rea1 Bc5 25. Be3 Bxe3 26. fxe3 Qe7 27.
Qb4 c5 28. Qa3 h6 29. Rxa7 Rxa7 30. Qxa7 Qg5 31. Qxc5 Bg6 32. Ra6 f4 33. Qxg5
hxg5 34. Rxg6 fxe3 35. Kf1 Kh7 36. Rxg5 g6 37. c4 Kg7 38. Rd5 Kf6 39. c5 Ke6 40.
c4 g5 41. Ke2 g4 42. h4 g3 43. h5 1-0

[Event "Mondiale Lampo FIDE 2017"]
[Site "Riyadh"]
[Date "30.12.2017"]
[Round "12.69"]
[White "Masrahi, Abdulrahman A"]
[Black "Al Abdali, Zeyad Saleh"]
[Result "1-0"]
[WhiteTitle "CM"]
[WhiteElo "1962"]
[BlackElo "1801"]
[WhiteFideId "21501564"]
[BlackFideId "21501505"]
[EventDate "2017.12.29"]

1. d4 Nf6 2. Bf4 c5 3. e3 cxd4 4. exd4 d6 5. c3 Nbd7 6. Nf3 e6 7. Nbd2 Be7 8.
Bd3 a6 9. O-O b5 10. a4 Bb7 11. axb5 axb5 12. Rxa8 Qxa8 13. Bxb5 O-O 14. Qa4 Qc8
15. Ra1 Nb6 16. Qb3 Nbd5 17. Bg3 Nh5 18. Nc4 Nxg3 19. hxg3 Nf6 20. Ra7 Bd5 21.
Qa4 Bd8 22. Ne3 Be4 23. Nd2 Bb7 24. Ndc4 Qb8 25. Nxd6 Bxg2 26. Nxf7 Bd5 27. Nxd5
Nxd5 28. Nxd8 Qxd8 29. Rd7 Qf6 30. Qc2 Nb6 31. Bf1 Nxd7 32. Qe2 Nb6 33. Bh3 Re8
34. Qe4 Nc8 35. b4 Nd6 36. Qd3 e5 37. d5 e4 38. Qe3 Nc4 39. Qc5 Nd2 40. Be6+ Kh8
41. b5 Nf3+ 42. Kf1 Qg5 43. b6 Qc1+ 44. Kg2 Ne1+ 45. Kh3 Qh6+ 46. Kg4 Qg6+ 47.
Kf4 Rf8+ 48. Ke3 Nf3 49. b7 Rb8 50. Qc7 Qe8 51. Bc8 1-0

[Event "Mondiale Lampo FIDE 2017"]
[Site "Riyadh"]
[Date "30.12.2017"]
[Round "13.1"]
[White "Carlsen, Magnus"]
[Black "Harikrishna, Pentala"]
[Result "1-0"]
[WhiteTitle "GM"]
[BlackTitle "GM"]
[WhiteElo "2837"]
[BlackElo "2744"]
[WhiteFideId "1503014"]
[BlackFideId "5007003"]
[EventDate "2017.12.29"]

1. d4 Nf6 2. c4 e6 3. Nf3 d5 4. g3 dxc4 5. Bg2 c5 6. O-O Nc6 7. dxc5 Qxd1 8.
Rxd1 Bxc5 9. Nfd2 Na5 10. Na3 Bxa3 11. bxa3 Nd5 12. Ne4 O-O 13. Bd2 b6 14. Rac1
Ba6 15. Bxa5 bxa5 16. Nc5 Bb5 17. Bxd5 exd5 18. Rxd5 Rfd8 19. Rxd8+ Rxd8 20. Ne4
f5 21. Nc3 Bc6 22. f3 Kf7 23. Kf2 g5 24. Ke3 Rd6 25. Rd1 Re6+ 26. Kf2 Rh6 27. h4
gxh4 28. gxh4 Rxh4 29. Rd6 Be8 30. Kg2 a4 31. Ra6 Rd4 32. Rxa7+ Ke6 33. Rxh7 Rd2
34. Rc7 Rc2 35. Rxc4 Bb5 36. Rc5 Bxe2 37. Kg3 Bd3 38. Kf4 Kd6 39. Rd5+ 1-0

[Event "Mondiale Lampo FIDE 2017"]
[Site "Riyadh"]
[Date "30.12.2017"]
[Round "13.5"]
[White "Svidler, Peter"]
[Black "Yu, Yangyi"]
[Result "1/2-1/2"]
[WhiteTitle "GM"]
[BlackTitle "GM"]
[WhiteElo "2765"]
[BlackElo "2751"]
[WhiteFideId "4102142"]
[BlackFideId "8603820"]
[EventDate "2017.12.29"]

1. c4 e6 2. g3 d5 3. Bg2 Nf6 4. b3 Be7 5. Bb2 O-O 6. Nf3 c5 7. cxd5 Nxd5 8. O-O
Nc6 9. d4 cxd4 10. Nxd4 Bd7 11. Nc3 Nxc3 12. Bxc3 Rc8 13. Nb5 Be8 14. Rc1 a6 15.
Qxd8 Nxd8 16. Nd4 Ba3 17. Bb2 Rxc1 18. Bxc1 Bc5 19. Be3 Bxd4 20. Bxd4 Bc6 21.
Bb6 Bxg2 22. Kxg2 Nc6 23. Rd1 Re8 24. f4 f6 25. Kf3 Kf7 26. e4 Re7 27. g4 g6 28.
h4 h5 29. gxh5 gxh5 30. a4 Ke8 31. Rd6 Rd7 32. Rxd7 1/2-1/2

[Event "Mondiale Lampo FIDE 2017"]
[Site "Riyadh"]
[Date "30.12.2017"]
[Round "13.6"]
[White "Petrosian, Tigran L."]
[Black "Le, Quang Liem"]
[Result "1-0"]
[WhiteTitle "GM"]
[BlackTitle "GM"]
[WhiteElo "2601"]
[BlackElo "2737"]
[WhiteFideId "13301616"]
[BlackFideId "12401137"]
[EventDate "2017.12.29"]

1. Nf3 c5 2. g3 Nc6 3. Bg2 g6 4. O-O Bg7 5. e4 e5 6. c3 Nge7 7. d3 O-O 8. Nbd2
d5 9. a3 b6 10. Re1 Ba6 11. exd5 Nxd5 12. Nc4 Re8 13. Qc2 Qd7 14. a4 Rad8 15.
Bg5 f6 16. Bd2 Nde7 17. Qb3 Kh8 18. Bf1 Qd5 19. Qd1 Nf5 20. Qe2 Bb7 21. Qe4 Qf7
22. Qg4 h5 23. Qh3 Kg8 24. Rad1 Na5 25. Bg2 Nxc4 26. dxc4 Bc8 27. g4 Nd6 28. Qg3
hxg4 29. Nh4 Nxc4 30. Bc1 g5 31. b3 gxh4 32. Qxh4 Na5 33. Be4 Bb7 34. Qh7+ Kf8
35. Bg6 Rxd1 36. Rxd1 Qxb3 37. Rd7 Re7 38. Rd8+ Re8 39. Rxe8# 1-0

[Event "Mondiale Lampo FIDE 2017"]
[Site "Riyadh"]
[Date "30.12.2017"]
[Round "13.7"]
[White "Korobov, Anton"]
[Black "Anand, Viswanathan"]
[Result "1/2-1/2"]
[WhiteTitle "GM"]
[BlackTitle "GM"]
[WhiteElo "2652"]
[BlackElo "2782"]
[WhiteFideId "14105730"]
[BlackFideId "5000017"]
[EventDate "2017.12.29"]

1. d4 Nf6 2. c4 e6 3. Nf3 d5 4. Nc3 Be7 5. Bg5 h6 6. Bh4 O-O 7. e3 Nbd7 8. Rc1
c5 9. dxc5 dxc4 10. Bxc4 Nxc5 11. O-O Bd7 12. Ne5 Be8 13. Qe2 Nfd7 14. Bg3 Nxe5
15. Bxe5 Nd7 16. Bg3 Nf6 17. Nb5 Bxb5 18. Bxb5 Rc8 19. Bd3 Qa5 20. a3 Nh5 21.
Qf3 Nxg3 1/2-1/2

[Event "Mondiale Lampo FIDE 2017"]
[Site "Riyadh"]
[Date "30.12.2017"]
[Round "13.8"]
[White "Esipenko, Andrey"]
[Black "Salem, A.R. Saleh"]
[Result "1/2-1/2"]
[WhiteTitle "FM"]
[BlackTitle "GM"]
[WhiteElo "2564"]
[BlackElo "2638"]
[WhiteFideId "24175439"]
[BlackFideId "9301348"]
[EventDate "2017.12.29"]

1. d4 Nf6 2. c4 g6 3. Nc3 d5 4. cxd5 Nxd5 5. e4 Nxc3 6. bxc3 Bg7 7. Qa4+ Qd7 8.
Bb5 c6 9. Be2 O-O 10. Qa3 b6 11. Nf3 c5 12. O-O Bb7 13. d5 e6 14. Be3 exd5 15.
Rad1 Qd6 16. exd5 Nd7 17. c4 Rfe8 18. Rfe1 Nf6 19. Bd4 Nh5 20. Bf1 Nf6 21. h3
Qd7 22. Bc3 Ne4 23. Bxg7 Kxg7 24. Qb2+ f6 25. Bd3 Nd6 26. Ng5 Rxe1+ 27. Rxe1 Re8
28. Ne6+ Kf7 29. h4 Bc8 30. h5 Qa4 31. hxg6+ hxg6 32. Qe2 Qb4 33. Qe3 Bxe6 34.
dxe6+ Ke7 35. Bxg6 Rh8 36. Rd1 Qxc4 37. Qd2 Qd4 38. Qxd4 cxd4 39. Rxd4 Kxe6 40.
Bd3 b5 41. f4 a5 42. Kf2 b4 43. Bc2 Rh1 44. Bb3+ Ke7 45. Rd5 a4 46. Bxa4 Ne4+
47. Kf3 Nc3 48. Ra5 Rf1+ 49. Kg4 Nxa2 50. Ra7+ Kd6 51. Ra6+ Kc5 52. Rxf6 Nc3 53.
Bb3 Rb1 54. Bg8 b3 55. Bxb3 Rxb3 56. Re6 Kd5 57. Re5+ Kd4 58. Kg5 Ne4+ 59. Kf5
Ng3+ 60. Kg4 Ne4 61. Kf5 Ng3+ 62. Kg4 Ne4 63. Kf5 1/2-1/2

[Event "Mondiale Lampo FIDE 2017"]
[Site "Riyadh"]
[Date "30.12.2017"]
[Round "13.9"]
[White "Kravtsiv, Martyn"]
[Black "Mamedov, Rauf"]
[Result "1/2-1/2"]
[WhiteTitle "GM"]
[BlackTitle "GM"]
[WhiteElo "2672"]
[BlackElo "2709"]
[WhiteFideId "14113147"]
[BlackFideId "13401653"]
[EventDate "2017.12.29"]

1. e4 c5 2. Nf3 Nc6 3. d4 cxd4 4. Nxd4 g6 5. c4 Nf6 6. Nc3 d6 7. Be2 Nxd4 8.
Qxd4 Bg7 9. Be3 O-O 10. Qd2 a5 11. O-O a4 12. Rad1 Qa5 13. Bd4 Bd7 14. Qe3 Bc6
15. Nd5 Bxd5 16. exd5 Rfe8 17. Qa3 Nd7 18. Be3 Nc5 19. h3 Qc7 20. Rfe1 Nd7 21.
Rb1 Nc5 1/2-1/2

[Event "Mondiale Lampo FIDE 2017"]
[Site "Riyadh"]
[Date "30.12.2017"]
[Round "13.10"]
[White "Amonatov, Farrukh"]
[Black "Artemiev, Vladislav"]
[Result "0-1"]
[WhiteTitle "GM"]
[BlackTitle "GM"]
[WhiteElo "2636"]
[BlackElo "2691"]
[WhiteFideId "14700077"]
[BlackFideId "24101605"]
[EventDate "2017.12.29"]

1. e4 c5 2. Nf3 e6 3. d4 cxd4 4. Nxd4 a6 5. Bd3 Ne7 6. c4 Nec6 7. Nf3 d6 8. O-O
Be7 9. Nc3 O-O 10. h3 b6 11. Be3 Nd7 12. Rc1 Bb7 13. a3 Rc8 14. b4 Nce5 15. Nxe5
Nxe5 16. Qe2 Qc7 17. Na4 Nd7 18. f4 Bc6 19. Nc3 Qb8 20. Bf2 Ba8 21. Rfd1 Rfe8
22. Be3 Rc7 23. Bd4 Rec8 24. e5 dxe5 25. fxe5 Nf8 26. Ne4 Ng6 27. Nd6 Rd8 28. c5
bxc5 29. bxc5 Qb3 30. Rf1 Bg5 31. Rcd1 Nf4 32. Qg4 Bxg2 33. Rxf4 Bxf4 34. Kxg2
Qa2+ 35. Kf3 Bh6 36. Qe4 g6 37. Be3 Bxe3 38. Qxe3 Qd5+ 39. Kf2 Qxc5 40. Bxa6
Qc2+ 41. Be2 Rc3 42. Qf4 Rf8 43. Ne4 Rxh3 44. Nf6+ Kg7 45. Rc1 Qb2 46. Rc7 Qb6+
47. Kg2 Qxc7 48. Kxh3 Qc3+ 49. Qg3 Qxg3+ 50. Kxg3 Ra8 51. Bf3 Rxa3 52. Kf4 Ra4+
53. Be4 h6 54. Ke3 Ra5 55. Kd4 h5 56. Bd3 Kh6 57. Be4 Kg5 58. Nd7 Kf4 0-1

[Event "Mondiale Lampo FIDE 2017"]
[Site "Riyadh"]
[Date "30.12.2017"]
[Round "13.12"]
[White "Fressinet, Laurent"]
[Black "Andriasian, Zaven"]
[Result "1/2-1/2"]
[WhiteTitle "GM"]
[BlackTitle "GM"]
[WhiteElo "2662"]
[BlackElo "2585"]
[WhiteFideId "608742"]
[BlackFideId "13302000"]
[EventDate "2017.12.29"]

1. e4 d6 2. d4 Nf6 3. Nc3 g6 4. Be3 Bg7 5. Qd2 c6 6. Nf3 b5 7. Bd3 Nbd7 8. Ne2
e5 9. Ng3 Qe7 10. O-O O-O 11. h3 Bb7 12. c3 a6 13. Rfe1 Rfe8 14. a4 Qf8 15. b4
h6 16. axb5 axb5 17. Rxa8 Rxa8 18. c4 bxc4 19. Bxc4 d5 20. dxe5 dxc4 21. exf6
Nxf6 22. Bc5 Qe8 23. Qc2 Ba6 24. e5 Nd5 25. Ne4 Qe6 26. Nc3 Nxc3 27. Qxc3 Bb5
28. Ra1 Rxa1+ 29. Qxa1 Qd5 30. Qd4 Qxd4 31. Bxd4 Kf8 32. Kf1 Ke7 33. Bc3 Ke6 34.
Ke2 Bf8 35. Nd4+ Kd5 36. Nc2 c5 37. Ne3+ Ke6 38. bxc5 Bxc5 39. f4 h5 40. g4 hxg4
41. hxg4 Bxe3 42. Kxe3 1/2-1/2